| Поле | Инд. | ПП | Название | Значение |
|---|---|---|---|---|
| Тип записи | a | |||
| Библиографический уровень | m | |||
| 001 | Контрольный номер | 002995338 | ||
| 005 | Дата корректировки | 20150513113646.7 | ||
| 008 | Кодируемые данные | 061127s2005 y zzzz 000 1 rus u | ||
| 020 | a | ISBN | 5-93962-154-6 | |
| 040 | d | Организация, изменившая запись | RuMo | |
| d | Организация, изменившая запись | НБ ТвГУ | ||
| 041 | a | Код языка текста | rus | |
| 080 | a | Индекс УДК | 94(470.41)"19" | |
| 084 | a | Индекс другой классификации/Индекс ББК | Т3(2)61-361 | |
| 084 | a | Индекс другой классификации/Индекс ББК | Т3(2Рос.Тат)6-8 | |
| 090 | a | Полочн. индекс | Т3(2)61 | |
| x | Авторский знак | Б 14 | ||
| 100 | 1_ | a | Автор | Багаутдинов Флер Нуретдинович |
| q | Полное имя | Багаутдинов Ф. Н. | ||
| 245 | 00 | a | Заглавие | Он был первым. Гимаз Богаутдинов |
| c | Ответственность | Акад. наук Респ. Татарстан | ||
| 260 | a | Место издания | Казань | |
| b | Издательство | Центр инновационных технологий | ||
| c | Дата издания | 2005 | ||
| 300 | a | Объем | 139, [1] с., [4] л. ил., факс. | |
| c | Размеры | 21 см | ||
| 440 | _0 | a | Серия | Жизнь замечательных юристов |
| 504 | a | Библиография | Библиогр. в подстроч. примеч. | |
| 520 | a | Аннотация | Книга посвящена жизни, деятельности и судьбе крупного государственного деятеля Татарской Республики, народного комиссара юстиции и внутренних дел, первого прокурора республики, заместителя председателя правительства Татарской республики, директора КГУ и КХТИ Гимаза Богаутдиновича Богаутдинова. | |
| 653 | a | Ключевые слова | Богаутдинов, Гимаз Богаутдинович, о нем | |
| a | Ключевые слова | Государственные деятели | ||
| a | Ключевые слова | История СССР | ||
| a | Ключевые слова | История Татарстана | ||
| a | Ключевые слова | Россия | ||
| a | Ключевые слова | СССР | ||
| a | Ключевые слова | Татарстан, республика | ||
| 901 | t | Тип документа | m | |
| 920 | a | Оператор | Стру | |
| a | Оператор | Поля | ||
| a | Оператор | Стро | ||
| 930 | a | Новая/Ретро | персоналии | |
| 952 | c | Вид литературы | К рн | |
| 954 | a | Дата поступления на обработку | 20110426 | |
| c | Дата окончания ОНО | 20130919 | ||
| b | Дата поступления в ОК | 20130905 |